000 00222 a2200097 4500
001 31432
100 _aKaufeld Jone
245 _aAccess 2000 for Windows for Dummies
260 _aNew Delhi
_bODG
_c
090 _c21316
_d21316
942 _aNUST-CAE
_cM
_c12577
999 _c266505
_d266505